<?xml version="1.0" encoding="UTF-8"?>
<record
    xmlns:xsi="http://www.w3.org/2001/XMLSchema-instance"
    xsi:schemaLocation="http://www.loc.gov/MARC21/slim http://www.loc.gov/standards/marcxml/schema/MARC21slim.xsd"
    xmlns="http://www.loc.gov/MARC21/slim">

  <leader>00917nam a22002417a 4500</leader>
  <controlfield tag="001">80315</controlfield>
  <controlfield tag="003">BD-RjUL</controlfield>
  <controlfield tag="005">20230405113412.0</controlfield>
  <controlfield tag="008">220907s2008    bg a|||| m||| 00| 0 eng d</controlfield>
  <datafield tag="035" ind1=" " ind2=" ">
    <subfield code="a">(BD-RjUL)80315</subfield>
  </datafield>
  <datafield tag="040" ind1=" " ind2=" ">
    <subfield code="a">BD-RjUL</subfield>
    <subfield code="b">eng</subfield>
    <subfield code="c">BD-RjUL</subfield>
    <subfield code="d">BD-RjUL</subfield>
  </datafield>
  <datafield tag="041" ind1=" " ind2=" ">
    <subfield code="a">eng</subfield>
  </datafield>
  <datafield tag="082" ind1=" " ind2=" ">
    <subfield code="2">23</subfield>
    <subfield code="a">362.1095492</subfield>
    <subfield code="b">ALA 2008</subfield>
  </datafield>
  <datafield tag="100" ind1=" " ind2=" ">
    <subfield code="a">Ali. Kazi Julfikar</subfield>
    <subfield code="9">4679</subfield>
  </datafield>
  <datafield tag="245" ind1="1" ind2="0">
    <subfield code="a">An analysis of demand for and supply of Health Care in Bangladesh:</subfield>
    <subfield code="b">An Econometric Approach /</subfield>
    <subfield code="c">By Kazi Julfikar Ali ;</subfield>
    <subfield code="6">Supervisor : A. N. K. Noman</subfield>
  </datafield>
  <datafield tag="260" ind1=" " ind2=" ">
    <subfield code="a">Rajshahi :</subfield>
    <subfield code="b">Department of Economics, University of Rajshahi</subfield>
    <subfield code="c">2008</subfield>
  </datafield>
  <datafield tag="300" ind1=" " ind2=" ">
    <subfield code="a">xiv, 102 leaves :</subfield>
    <subfield code="b">ill, ;</subfield>
    <subfield code="c">29.cm.</subfield>
  </datafield>
  <datafield tag="502" ind1=" " ind2=" ">
    <subfield code="a">Thesis (M. Phil.) -- Department of Economics, University of Rajshahi, 2008</subfield>
  </datafield>
  <datafield tag="504" ind1=" " ind2=" ">
    <subfield code="a">Bibliography : Leaves 92 - 97</subfield>
  </datafield>
  <datafield tag="650" ind1=" " ind2=" ">
    <subfield code="a">Medical care Bangladesh Finance</subfield>
    <subfield code="9">7284</subfield>
  </datafield>
  <datafield tag="700" ind1=" " ind2=" ">
    <subfield code="a">Noman, A. N. K. Supervisor </subfield>
    <subfield code="9">4680</subfield>
  </datafield>
  <datafield tag="942" ind1=" " ind2=" ">
    <subfield code="2">ddc</subfield>
    <subfield code="c">THE</subfield>
  </datafield>
  <datafield tag="999" ind1=" " ind2=" ">
    <subfield code="c">80315</subfield>
    <subfield code="d">80315</subfield>
  </datafield>
  <datafield tag="952" ind1=" " ind2=" ">
    <subfield code="1">0</subfield>
    <subfield code="2">ddc</subfield>
    <subfield code="4">0</subfield>
    <subfield code="7">1</subfield>
    <subfield code="8">THESES</subfield>
    <subfield code="a">RUCL</subfield>
    <subfield code="b">RUCL</subfield>
    <subfield code="c">Doc/The</subfield>
    <subfield code="d">2010-06-08</subfield>
    <subfield code="e">Controller of Exam. R.U.</subfield>
    <subfield code="l">0</subfield>
    <subfield code="o">THE 362.1095492 ALA 2008</subfield>
    <subfield code="p">D3094</subfield>
    <subfield code="r">2022-09-07 00:00:00</subfield>
    <subfield code="t">C-1</subfield>
    <subfield code="y">THE</subfield>
  </datafield>
</record>
